000 01063nam a22003377a 4500
003 CHAP
005 20220817042801.0
008 971013s1984 r 00010 d
010 _a55522
011 _a56494
035 _a60647
040 _cCHAP
090 _aFolleto 11511
100 0 0 _aScobie, Grant MacDonald.
_9103348
245 _aInvestment in agricultural research
_b: some economic principles
260 _aMéxico :
_bCIMMYT,
_c1984
300 _a65 p.
490 _aEconomics
590 _aBATCH-UPD
_b10
_c20130110
_lUCH01
_h0802
590 _aBATCH-UPD
_b10
_c20130410
_lUCH01
_h0440
590 _aBATCH-UPD
_b10
_c20130914
_lUCH01
_h1229
590 _aBATCH-UPD
_b10
_c20140805
_lUCH01
_h1146
590 _aCONVERSION
_b10
_c20130109
_lUCH01
_h1330
650 1 4 _aAgricultura
_xAspectos económicos.
650 1 4 _aAgricultura
_xInvestigación.
_91577
830 0 _aEconomics
_935213
901 _aBK
942 _cFOLL
949 _aFolleto 11511
_bBC
_cFOLL
_d-130603
_eTS1
_i60647
_si
949 _aFolleto 11511
_bBC
_cFOLL
_d-130604
_eTS2
_fc.2
_i60647
_si
999 _c55522
_d55522